<?xml version="1.0" encoding="UTF-8"?>
<marc:record xmlns:marc="http://www.loc.gov/MARC21/slim">
   <marc:leader>00000nam a2200000 a 4500</marc:leader>
   <marc:datafield ind1="1" ind2=" " tag="100">
      <marc:subfield code="a">Lamballe, Marie</marc:subfield>
      <marc:subfield code="4">aut</marc:subfield>
      <marc:subfield code="e">Verfasser/-in</marc:subfield>
   </marc:datafield>
   <marc:datafield ind1="0" ind2="0" tag="245">
      <marc:subfield code="a">Café Engel</marc:subfield>
   </marc:datafield>
   <marc:datafield ind1="0" ind2="0" tag="245">
      <marc:subfield code="b">Eine neue Zeit</marc:subfield>
   </marc:datafield>
   <marc:datafield ind1=" " ind2="1" tag="264">
      <marc:subfield code="b">Bastei Lübbe Taschenbuch Verlag</marc:subfield>
   </marc:datafield>
   <marc:datafield ind1="1" ind2=" " tag="490">
      <marc:subfield code="a">Café Engel</marc:subfield>
   </marc:datafield>
   <marc:datafield ind1="1" ind2=" " tag="520">
      <marc:subfield code="a">AUFTAKT DER GROSSEN CAFE-ENGEL-SAGA Wiesbaden, 1945. Die junge Hilde kann ihr Glück kaum fassen: Der Krieg ist zu Ende, und das Café Engel blieb wie durch ein Wunder verschont. Gegen alle Widerstände will sie den Familienbetrieb wieder zu jenem glanzvollen Treffpunkt schillernder Persönlichkeiten machen, als der er einst berühmt war. Doch schon bald trüben erste Konflikte den jungen Frieden: Als eine schöne junge Frau das Café betritt und sich als ihre Cousine Luisa vorstellt, ist Hildes Misstrauen geweckt. Wer ist diese rätselhafte Frau, die sich von Ostpreußen bis nach Wiesbaden durchgekämpft hat? Wachsende Rivalität zwischen den beiden Frauen droht die harmonische Atmosphäre im Café zu vergiften. Bis Hilde und Luisa begreifen, dass sie etwas gemeinsam haben: ein Geheimnis aus Kriegszeiten, das sie bis heute fürchten ...</marc:subfield>
   </marc:datafield>
   <marc:datafield ind1=" " ind2=" " tag="020">
      <marc:subfield code="a">9783404177486</marc:subfield>
      <marc:subfield code="9">9783404177486</marc:subfield>
   </marc:datafield>
</marc:record>
